|
|
|
|
| LEADER |
01686nam a2200421 i 4500 |
| 001 |
nkc20172887314 |
| 003 |
CZ PrNK |
| 005 |
20230412101008.0 |
| 007 |
ta |
| 008 |
170323t20172017xr a e f 000 0 cze |
| 015 |
|
|
|a cnb002887314
|
| 020 |
|
|
|a 978-80-902202-5-6
|q (brožováno)
|
| 035 |
|
|
|a (OCoLC)987009000
|
| 040 |
|
|
|a OLA001
|b cze
|e rda
|
| 072 |
|
7 |
|a 656.1/.5
|x Pozemní doprava
|2 Konspekt
|9 4
|
| 080 |
|
|
|a 656.125
|2 MRF
|
| 080 |
|
|
|a 656.073.436
|2 MRF
|
| 080 |
|
|
|a (035)
|2 MRF
|
| 100 |
1 |
|
|a Miletín, Jiří
|7 xx0000185
|4 aut
|
| 245 |
1 |
0 |
|a ADR 2017 :
|b přeprava nebezpečných věcí po silnici dle Evropské dohody o mezinárodní silniční přepravě nebezpečných věcí : příručka pro školení řidičů a osob podílejících se na přepravě nebezpečných věcí dle Dohody ADR /
|c Jiří Miletín, Pavel Konečný
|
| 250 |
|
|
|a 1. vydání
|
| 264 |
|
1 |
|a Praha :
|b M Konzult s.r.o.,
|c 2017
|
| 300 |
|
|
|a 159 stran :
|b ilustrace (převážně barevné) ;
|c 21 cm
|
| 336 |
|
|
|a text
|b txt
|2 rdacontent
|
| 337 |
|
|
|a bez média
|b n
|2 rdamedia
|
| 338 |
|
|
|a svazek
|b nc
|2 rdacarrier
|
| 650 |
0 |
7 |
|a nákladní automobilová doprava
|7 ph123408
|2 czenas
|
| 650 |
0 |
7 |
|a přeprava nebezpečného nákladu
|7 ph137279
|2 czenas
|
| 650 |
0 |
9 |
|a freight truck transport
|2 eczenas
|
| 650 |
0 |
9 |
|a transportation of hazardous substances
|2 eczenas
|
| 655 |
|
7 |
|a příručky
|7 fd133209
|2 czenas
|
| 655 |
|
9 |
|a handbooks and manuals
|2 eczenas
|
| 700 |
1 |
|
|a Konečný, Pavel
|7 mzk2013766406
|4 aut
|
| 910 |
2 |
|
|a BOA001
|b 2-1385.582
|
| 990 |
|
|
|a BK
|
| 995 |
|
|
|a 01
|
| 991 |
|
|
|b 201703
|c NOV
|
| 996 |
6 |
|
|b 2610701996
|c 2-1385.582
|l MZK
|r Sklad / do 1 hodiny
|n 3
|p p.v.
|w 001605147
|u 000010
|a 1
|e BOA001
|j MZK50
|s P
|